LEADER 00974nam a2200229 i 4500 001 000000173816 003 CaOOAMICUS 005 20080730000000.0 008 080730s1983 it u000 u ita u 013 $a151270 040 $aSeMil$bita 100 1 $aApe Amica.$0(OLS)http://semarc/name/64944 245 10$aSeregno dalla metà del secolo 18. a tutto il secolo 19. /$cL' Ape Amica ; a cura di Franco Cajani. 260 $aSeregno :$bLITHO GAMAS,$ccopyr. 1983. 300 $a375 p. :$briccamente ill. ;$c30 cm. 650 4$aSeregno - Sec. 18.-19.$0(OLS)http://semarc/subject/33131 700 1 $aCajani, Franco,$d<1943- >.$0(OLS)http://semarc/name/7141 850 $aSeMil 852 $aSeMil$W1$xVenegono$y1$m3P VI 352$j124661$B124661$CSeMilBibl$Z2$F136281 $81 961 $aOmaggio: Altro 996 $6245$aSeregno dalla metà del secolo 18. a tutto il secolo 19.$9(OLS)http://semarc/title/249084 996 $6260$aSeregno :$bLITHO GAMAS$9(OLS)http://semarc/publisher/49250 LEADER 01326nam a2200301 i 4500 001 000000228109 003 CaOOAMICUS 005 20260303144723.0 008 140318s2006 it u000 u ita u 013 $a207011 020 $a88-01-02826-1 040 $aSeMil$bita 100 1 $aDonahue, John R.$0(OLS)http://semarc/name/78944 245 13$aIl Vangelo di Marco /$cJohn R. Donahue, Daniel J. Harrington. 260 $aLeumann :$bElle Di Ci,$c2006. 300 $aXII, 435 p. ;$c25 cm. 490 0 $aSacra pagina ;$v2 650 4$aBibbia. Nuovo Testamento. Vangelo secondo Marco - Commentari, studi, critica, interpretazioni.$0(OLS)http://semarc/subject/143 650 4$aBibbia. Nuovo Testamento. Vangelo secondo Marco - Analisi narrativa e linguistica.$0(OLS)http://semarc/subject/37322 700 1 $aHarrington, Daniel J.,$c.$0(OLS)http://semarc/name/27805 830 0$aSacra pagina ;$v2.$0(OLS)http://semarc/title/40175 850 $aSeMil 852 $aSeMil$W1$xVenegono$y1$m2W V 12$j178455$B178455$CSeMilBibl$Z2$F189764 $81 961 $aOmaggio: Altro 996 $6020$a88-01-02826-1$9(OLS)http://semarc/number/230032 996 $6245$aIl Vangelo di Marco$9(OLS)http://semarc/title/1437 996 $6260$aLeumann :$bElle Di Ci$9(OLS)http://semarc/publisher/29808